[Event "SVK-chT1E 2223"]
[Site "Slovakia"]
[Date "2023.03.12"]
[Round "11.5"]
[White "Novotny, Adam"]
[Black "Balazs, Ladislav"]
[Result "1-0"]
[WhiteElo "2076"]
[BlackElo "2054"]
[PlyCount "71"]
[EventDate "2022.10.15"]
[EventType "team-tourn"]
[EventRounds "11"]
[EventCountry "SVK"]
[SourceTitle "EXT 2024"]
[Source "ChessBase"]
[SourceDate "2023.10.10"]
[SourceVersion "1"]
[SourceVersionDate "2023.10.10"]
[SourceQuality "1"]
[WhiteTeam "Kezmarok KdV"]
[BlackTeam "Michalovce Zemplin"]
[WhiteTeamCountry "SVK"]
[BlackTeamCountry "SVK"]

1. e4 c5 2. Nf3 Nc6 3. d4 cxd4 4. Nxd4 Qb6 5. Nb3 g6 6. Be3 Qc7 7. c4 Bg7 8. Nc3 Bxc3+ 9. bxc3 Nf6 10. Bd3 d6 11. 0-0 Ng4 12. Bf4 g5 13. Bxg5 d5 14. g3 dxe4 15. Bxe4 Qe5 16. Bxc6+ bxc6 17. Qd4 Rg8 18. h4 h6 19. Bf4 Qxd4 20. cxd4 Be6 21. Rac1 Rd8 22. Rfe1 Rh8 23. f3 Nf6 24. Be5 Kf8 25. Nc5 Bc8 26. Kf2 Rg8 27. Rb1 Nd7 28. Nxd7+ Rxd7 29. Rb8 Rd8 30. d5 Rg6 31. h5 Rg5 32. d6 Re8 33. dxe7+ Kg8 34. Bf6 Rxh5 35. Rd1 Kh7 36. Rxc8 1-0

[Event "SVK-chT2D 2223"]
[Site "Slovakia"]
[Date "2022.11.12"]
[Round "3.2"]
[White "Novotny, Adam"]
[Black "Tauber, Marek"]
[Result "1-0"]
[WhiteElo "2076"]
[BlackElo "2060"]
[PlyCount "71"]
[EventDate "2022.10.08"]
[EventType "team-tourn"]
[EventRounds "11"]
[EventCountry "SVK"]
[SourceTitle "EXT 2024"]
[Source "ChessBase"]
[SourceDate "2023.10.10"]
[SourceVersion "1"]
[SourceVersionDate "2023.10.10"]
[SourceQuality "1"]
[WhiteTeam "Presov Tatran Dason"]
[BlackTeam "Spisska Nova Ves"]
[WhiteTeamCountry "SVK"]
[BlackTeamCountry "SVK"]

1. d4 d5 2. Nf3 Nf6 3. c4 c6 4. Nc3 g6 5. cxd5 cxd5 6. Bf4 Bg7 7. e3 0-0 8. Qb3 Nc6 9. Be2 b6 10. 0-0 Bb7 11. Rac1 Rc8 12. Ne5 Nxe5 13. Bxe5 Ne4 14. Bxg7 Nxc3 15. Rxc3 Kxg7 16. Rfc1 Rxc3 17. Rxc3 e6 18. Qa4 Qb8 19. h4 Rc8 20. Rxc8 Qxc8 21. Qxa7 Qc1+ 22. Bf1 Qc6 23. Qb8 Bc8 24. b3 Bd7 25. a4 h6 26. g3 g5 27. hxg5 hxg5 28. Qe5+ f6 29. Qb8 Be8 30. Qd8 Bg6 31. Qe7+ Bf7 32. Be2 Kg6 33. Bh5+ Kxh5 34. Qxf7+ Kg4 35. Kg2 e5 36. f3+ 1-0

[Event "SVK-chT1E 2122"]
[Site "Slovakia"]
[Date "2022.04.23"]
[Round "8.2"]
[White "Novotny, Adam"]
[Black "Sepesi, Samuel"]
[Result "0-1"]
[WhiteElo "2134"]
[BlackElo "2136"]
[PlyCount "54"]
[EventDate "2022.01.29"]
[EventType "team-tourn"]
[EventRounds "11"]
[EventCountry "SVK"]
[SourceTitle "EXT 2023"]
[Source "ChessBase"]
[SourceDate "2022.10.05"]
[SourceVersion "1"]
[SourceVersionDate "2022.10.05"]
[SourceQuality "1"]
[WhiteTeam "Presov Tatran Dason"]
[BlackTeam "Humenne Reinter II"]
[WhiteTeamCountry "SVK"]
[BlackTeamCountry "SVK"]

1. e4 c5 2. Nf3 d6 3. Nc3 Nf6 4. e5 dxe5 5. Nxe5 e6 6. Qf3 Qc7 7. Bb5+ Nbd7 8. Bxd7+ Bxd7 9. Nxd7 Qxd7 10. d3 Bd6 11. Be3 0-0 12. 0-0 Rac8 13. Rad1 Nd5 14. Nxd5 exd5 15. d4 c4 16. Rfe1 Rfe8 17. Bc1 Re6 18. g3 Rf6 19. Qh5 Bc7 20. Kg2 Rf5 21. Qe2 Bd6 22. c3 Kf8 23. Qc2 Rh5 24. h4 Rxh4 25. gxh4 Qg4+ 26. Kh1 Qh3+ 27. Kg1 Re8 0-1

[Event "SVK-chT1E 2122"]
[Site "Slovakia"]
[Date "2022.03.19"]
[Round "6.1"]
[White "Zambor, Norbert"]
[Black "Novotny, Adam"]
[Result "1-0"]
[WhiteElo "2286"]
[BlackElo "2134"]
[PlyCount "47"]
[EventDate "2022.01.29"]
[EventType "team-tourn"]
[EventRounds "11"]
[EventCountry "SVK"]
[SourceTitle "EXT 2023"]
[Source "ChessBase"]
[SourceDate "2022.10.05"]
[SourceVersion "1"]
[SourceVersionDate "2022.10.05"]
[SourceQuality "1"]
[WhiteTeam "Kosice Slavia TU"]
[BlackTeam "Presov Tatran Dason"]
[WhiteTeamCountry "SVK"]
[BlackTeamCountry "SVK"]

1. e4 c5 2. Nf3 d6 3. d4 cxd4 4. Nxd4 Nf6 5. Nc3 e6 6. Be3 a6 7. f3 b5 8. a3 Bb7 9. g4 Nfd7 10. Qd2 Nc6 11. 0-0-0 Nxd4 12. Bxd4 Bc6 13. Rg1 Qb8 14. Bd3 Ne5 15. Qe3 b4 16. axb4 Qxb4 17. Nd5 exd5 18. exd5 Bxd5 19. f4 0-0-0 20. Bxa6+ Bb7 21. Bxb7+ Kxb7 22. fxe5 dxe5 23. Qe4+ Ka6 24. Qc6+ 1-0

[Event "SVK-chT2D 1920"]
[Site "Slovakia"]
[Date "2020.02.16"]
[Round "9.2"]
[White "Tropp, Oliver"]
[Black "Novotny, Adam"]
[Result "0-1"]
[WhiteElo "2087"]
[BlackElo "2176"]
[PlyCount "86"]
[EventDate "2019.10.26"]
[EventType "team-tourn"]
[EventRounds "11"]
[EventCountry "SVK"]
[SourceTitle "CBM 195 Extra"]
[Source "ChessBase"]
[SourceDate "2020.05.31"]
[SourceVersion "1"]
[SourceVersionDate "2020.05.31"]
[SourceQuality "1"]
[WhiteTeam "Kezmarok"]
[BlackTeam "Presov Slavia PU"]
[WhiteTeamCountry "SVK"]
[BlackTeamCountry "SVK"]

1. c4 c5 2. g3 g6 3. Bg2 Bg7 4. Nc3 Nc6 5. a3 e6 6. Rb1 Nge7 7. e4 Bxc3 8. bxc3 b6 9. Ne2 Bb7 10. 0-0 d6 11. d3 Qd7 12. Be3 0-0-0 13. Nc1 f5 14. f3 Na5 15. Nb3 Nec6 16. Nxa5 Nxa5 17. Re1 h5 18. Bg5 Rde8 19. Rb2 Rhf8 20. Rbe2 fxe4 21. fxe4 e5 22. Rf1 b5 23. cxb5 Qxb5 24. Rxf8 Rxf8 25. Be7 Re8 26. Bxd6 Qb6 27. Bh3+ Kd8 28. Bxe5 Rxe5 29. Rf2 Qd6 30. Qf1 Nc6 31. Rf6 Qe7 32. Rf8+ Kc7 33. Rf7 Ba6 34. c4 Kd6 35. Rxe7 Kxe7 36. Qd1 Kd6 37. Qf3 Ke7 38. g4 Bc8 39. gxh5 Rg5+ 40. Bg2 Rxh5 41. Qe3 Kd6 42. Qg3+ Ne5 43. Bf1 Rg5 0-1

[Event "SVK-chT2D 1920"]
[Site "Slovakia"]
[Date "2019.11.17"]
[Round "4.1"]
[White "Tropp, Lukas"]
[Black "Novotny, Adam"]
[Result "0-1"]
[WhiteElo "2123"]
[BlackElo "2156"]
[PlyCount "40"]
[EventDate "2019.10.26"]
[EventType "team-tourn"]
[EventRounds "11"]
[EventCountry "SVK"]
[SourceTitle "CBM 193 Extra"]
[Source "ChessBase"]
[SourceDate "2020.01.31"]
[SourceVersion "1"]
[SourceVersionDate "2020.01.31"]
[SourceQuality "1"]
[WhiteTeam "Kosice Slavia TU IV"]
[BlackTeam "Presov Slavia PU"]
[WhiteTeamCountry "SVK"]
[BlackTeamCountry "SVK"]

1. e4 c5 2. Nf3 g6 3. d4 cxd4 4. Qxd4 Nf6 5. Nc3 Nc6 6. Qa4 d6 7. e5 dxe5 8. Nxe5 Bd7 9. Nxd7 Nxd7 10. Bb5 Bg7 11. Bxc6 bxc6 12. Qxc6 Rc8 13. Qa4 Rxc3 14. bxc3 Bxc3+ 15. Bd2 Bxa1 16. 0-0 Be5 17. Bh6 Qc7 18. f4 Bd6 19. Re1 Kd8 20. Qb3 Qb6+ 0-1

[Event "SVK-chT2D 1920"]
[Site "Slovakia"]
[Date "2019.11.16"]
[Round "3.1"]
[White "Novotny, Adam"]
[Black "Najgebauer, Szemjon"]
[Result "1/2-1/2"]
[WhiteElo "2156"]
[BlackElo "2166"]
[PlyCount "33"]
[EventDate "2019.10.26"]
[EventType "team-tourn"]
[EventRounds "11"]
[EventCountry "SVK"]
[SourceTitle "CBM 193 Extra"]
[Source "ChessBase"]
[SourceDate "2020.01.31"]
[SourceVersion "1"]
[SourceVersionDate "2020.01.31"]
[SourceQuality "1"]
[WhiteTeam "Presov Slavia PU"]
[BlackTeam "Kosice Slavia UPJS III"]
[WhiteTeamCountry "SVK"]
[BlackTeamCountry "SVK"]

1. c4 c5 2. Nc3 b6 3. Nf3 Bb7 4. e3 Nf6 5. Be2 g6 6. 0-0 Bg7 7. d4 cxd4 8. exd4 0-0 9. Re1 d5 10. Bg5 Nbd7 11. cxd5 Nxd5 12. Bc4 N7f6 13. Ne5 Nxc3 14. bxc3 Ne4 15. Rxe4 Bxe4 16. Nxf7 Qc7 17. Qe2 1/2-1/2

[Event "SVK-chT1E 1718"]
[Site "Slovakia"]
[Date "2018.03.11"]
[Round "11.3"]
[White "Novotny, Adam"]
[Black "Brhel, Jan"]
[Result "1-0"]
[WhiteElo "2056"]
[BlackElo "2078"]
[PlyCount "51"]
[EventDate "2017.10.21"]
[EventType "team-tourn"]
[EventRounds "11"]
[EventCountry "SVK"]
[SourceTitle "EXT 2019"]
[Source "ChessBase"]
[SourceDate "2018.10.10"]
[SourceVersion "1"]
[SourceVersionDate "2018.10.10"]
[SourceQuality "1"]
[WhiteTeam "Kezmarok"]
[BlackTeam "Kysucke Nove Mesto"]
[WhiteTeamCountry "SVK"]
[BlackTeamCountry "SVK"]

1. Nf3 d5 2. g3 Nf6 3. Bg2 g6 4. 0-0 Bg7 5. d3 0-0 6. c3 Bg4 7. Nbd2 Qc8 8. Qb3 c6 9. Re1 Na6 10. d4 b6 11. Ne5 Be6 12. Qa4 Nb8 13. e4 Nfd7 14. exd5 cxd5 15. Ndf3 Nxe5 16. Nxe5 f6 17. Nd3 Bd7 18. Qb3 e6 19. Bxd5 exd5 20. Qxd5+ Rf7 21. Re7 Be6 22. Qxe6 Qxe6 23. Rxe6 Nd7 24. Bd2 f5 25. Rae1 Nf6 26. f3 1-0

[Event "Oravska Priehrada op"]
[Site "Namestovo"]
[Date "2017.08.27"]
[Round "6"]
[White "Novotny, Adam"]
[Black "Panko, Radoslav"]
[Result "1/2-1/2"]
[WhiteElo "2052"]
[BlackElo "1948"]
[PlyCount "122"]
[EventDate "2017.08.25"]
[EventType "swiss"]
[EventRounds "7"]
[EventCountry "SVK"]
[SourceTitle "CBM 180 Extra"]
[Source "ChessBase"]
[SourceDate "2017.10.06"]
[SourceVersion "1"]
[SourceVersionDate "2017.10.06"]
[SourceQuality "1"]

1. c4 b6 2. d4 Bb7 3. Nc3 e6 4. e4 Bb4 5. Bd3 f5 6. Qc2 Qh4 7. d5 fxe4 8. Bxe4 Nf6 9. Bf3 Qxc4 10. dxe6 Qxe6+ 11. Be3 Bxf3 12. Nxf3 0-0 13. 0-0 Bxc3 14. bxc3 c5 15. Rfe1 Qg4 16. c4 Nc6 17. Rad1 Rae8 18. Bc1 Rxe1+ 19. Rxe1 d5 20. cxd5 Nxd5 21. Ng5 g6 22. Qb3 Qf5 23. f4 Nd4 24. Qc4 Qd7 25. g3 Kg7 26. Bb2 Nc7 27. Re4 h6 28. Nf3 Re8 29. Nxd4 Rxe4 30. Nf3+ Rd4 31. Nxd4 cxd4 32. Bxd4+ Kh7 33. Be5 Ne6 34. Qc2 Nc5 35. h4 h5 36. Qg2 Qd1+ 37. Kh2 Qd3 38. Qc6 Qe2+ 39. Kh3 Qg4+ 40. Kh2 Qe2+ 41. Qg2 Qxg2+ 42. Kxg2 Nd7 43. Kf3 Kg8 44. Ke4 Kf7 45. Kd5 Ke7 46. Kc6 Ke6 47. Bd4 Nc5 48. Bf2 Nd3 49. Bd4 Nb4+ 50. Kb7 Nxa2 51. Kxa7 Kf5 52. Kxb6 Kg4 53. Bf6 Nc1 54. Kc5 Ne2 55. Kd5 Kf5 56. Bg5 Nxg3 57. Kd4 Kg4 58. Ke5 Ne2 59. Ke4 Nxf4 60. Bxf4 Kxh4 61. Kf3 g5 1/2-1/2

[Event "SVK-chT1E 1516"]
[Site "Slovakia"]
[Date "2015.12.12"]
[Round "5.5"]
[White "Novotny, Adam"]
[Black "Hros, Roman"]
[Result "1/2-1/2"]
[WhiteElo "1980"]
[BlackElo "2147"]
[PlyCount "41"]
[EventDate "2015.10.24"]
[EventType "team-tourn"]
[EventRounds "11"]
[EventCountry "SVK"]
[SourceTitle "CBM 170 Extra"]
[Source "ChessBase"]
[SourceDate "2016.02.25"]
[SourceVersion "1"]
[SourceVersionDate "2016.02.25"]
[SourceQuality "1"]
[WhiteTeam "Kezmarok"]
[BlackTeam "Liptov Chess School II"]
[WhiteTeamCountry "SVK"]
[BlackTeamCountry "SVK"]

1. d4 Nf6 2. c4 e6 3. Nf3 b6 4. g3 Ba6 5. Qa4 Be7 6. Bg2 c6 7. 0-0 0-0 8. Nc3 d5 9. cxd5 cxd5 10. Bf4 Qd7 11. Qd1 Rd8 12. Rc1 Nc6 13. h3 Rac8 14. Re1 h6 15. g4 Ne4 16. Nxe4 dxe4 17. Ne5 Nxe5 18. dxe5 Qxd1 19. Rexd1 Rxd1+ 20. Rxd1 g5 21. Rd7 1/2-1/2

[Event "SVK-chT1E 1415"]
[Site "Slovakia"]
[Date "2015.03.14"]
[Round "10.5"]
[White "Kucera, Juraj"]
[Black "Novotny, Adam"]
[Result "1/2-1/2"]
[WhiteElo "2021"]
[BlackElo "1864"]
[PlyCount "120"]
[EventDate "2014.10.18"]
[EventType "team-tourn"]
[EventRounds "11"]
[EventCountry "SVK"]
[SourceTitle "EXT 2016"]
[Source "ChessBase"]
[SourceDate "2015.10.08"]
[SourceVersion "1"]
[SourceVersionDate "2015.10.08"]
[SourceQuality "1"]
[WhiteTeam "Dolny Kubin"]
[BlackTeam "Kezmarok"]
[WhiteTeamCountry "SVK"]
[BlackTeamCountry "SVK"]

1. d4 Nf6 2. Nc3 d5 3. Bg5 Nbd7 4. f3 c6 5. Qd2 e5 6. dxe5 Nxe5 7. e4 Bb4 8. 0-0-0 0-0 9. exd5 h6 10. Bxf6 Qxf6 11. Qe3 Bf5 12. Ne4 Qe7 13. a3 Ba5 14. Ng3 Bb6 15. Qb3 Qg5+ 16. Kb1 cxd5 17. Nxf5 Qxf5 18. Rxd5 Rad8 19. Bd3 Qg5 20. g3 Rxd5 21. Qxd5 Rd8 22. Qe4 Nxd3 23. cxd3 Qb5 24. Ne2 Qxd3+ 25. Qxd3 Rxd3 26. f4 Rd2 27. Nc3 Bd4 28. Nd1 Kf8 29. h3 Ke7 30. Kc1 Re2 31. Rf1 Kd6 32. Rf3 Rh2 33. g4 Kd5 34. Nc3+ Kc4 35. f5 Rh1+ 36. Kc2 Rh2+ 37. Kc1 Bf6 38. Kb1 Bd4 39. Kc1 Bf6 40. Nd1 Bg5+ 41. Kb1 Rd2 42. Nc3 Rd3 43. Rxd3 Kxd3 44. Nb5 Ke3 45. Kc2 Kf3 46. Kd3 Bc1 47. b3 h5 48. gxh5 Kg3 49. f6 gxf6 50. Nd6 Kh4 51. h6 Bxh6 52. Nxf7 Bf8 53. a4 Kxh3 54. Nd8 f5 55. Ke2 Kg2 56. Ne6 Bd6 57. Nd4 f4 58. Nf3 a6 59. Nh4+ Kh3 60. Nf5 Kg2 1/2-1/2

[Event "SVK-chT2D 14/15"]
[Site "Slovakia"]
[Date "2015.03.08"]
[Round "11.2"]
[White "Novotny, Adam"]
[Black "Kusiak, Matej"]
[Result "0-1"]
[WhiteElo "1864"]
[BlackElo "2258"]
[PlyCount "114"]
[EventDate "2014.10.11"]
[EventType "team-tourn"]
[EventRounds "11"]
[EventCountry "SVK"]
[SourceTitle "EXT 2019"]
[Source "ChessBase"]
[SourceDate "2018.10.10"]
[SourceVersion "1"]
[SourceVersionDate "2018.10.10"]
[SourceQuality "1"]
[WhiteTeam "Presov Slavia PU"]
[BlackTeam "Kosice 1 CC"]
[WhiteTeamCountry "SVK"]
[BlackTeamCountry "SVK"]

1. c4 c5 2. Nf3 Nf6 3. g3 b6 4. Bg2 Bb7 5. 0-0 e6 6. b3 Be7 7. Bb2 0-0 8. d3 d6 9. a3 Nbd7 10. Nbd2 Qc7 11. Rc1 Rac8 12. Rc2 Qb8 13. Qa1 Rfd8 14. Rfc1 Qa8 15. b4 Bf8 16. bxc5 bxc5 17. Nb3 Qb8 18. Bc3 Bxf3 19. Bxf3 Qxb3 20. Ba5 Qa4 21. Bxd8 Rxd8 22. Rb2 d5 23. Rb5 Bd6 24. Qc3 a6 25. Qa5 Qxa5 26. Rxa5 Ra8 27. cxd5 exd5 28. d4 Bc7 29. Ra4 Nb6 30. Ra5 c4 31. Rc5 Bd8 32. Kg2 Ra7 33. Rb1 Kf8 34. Rc6 Nbd7 35. g4 h6 36. h4 g5 37. hxg5 hxg5 38. Rc8 Ke7 39. e4 dxe4 40. Re1 Nb6 41. Rc5 Kd6 42. Bxe4 Nxe4 43. Rxe4 Bf6 44. Rf5 Nd5 45. Kf3 Rb7 46. Re1 Rb3+ 47. Ke4 Nc3+ 48. Ke3 Nb1+ 49. Ke2 Bxd4 50. Kd1 Nc3+ 51. Kc2 Rxa3 52. Re8 Ra2+ 53. Kc1 Kd7 54. Rb8 f6 55. Rb7+ Kd6 56. Rb8 Be5 57. Rd8+ Kc7 0-1

[Event "SVK-chT1E 1415"]
[Site "Slovakia"]
[Date "2015.02.28"]
[Round "8.3"]
[White "Mrva, Martin"]
[Black "Novotny, Adam"]
[Result "1-0"]
[WhiteElo "2417"]
[BlackElo "1864"]
[PlyCount "51"]
[EventDate "2014.10.18"]
[EventType "team-tourn"]
[EventRounds "11"]
[EventCountry "SVK"]
[SourceTitle "EXT 2016"]
[Source "ChessBase"]
[SourceDate "2015.10.08"]
[SourceVersion "1"]
[SourceVersionDate "2015.10.08"]
[SourceQuality "1"]
[WhiteTeam "Humenne"]
[BlackTeam "Kezmarok"]
[WhiteTeamCountry "SVK"]
[BlackTeamCountry "SVK"]

1. e4 c5 2. Nf3 d6 3. d4 cxd4 4. Nxd4 Nf6 5. Nc3 e6 6. g3 Be7 7. Bg2 0-0 8. 0-0 Nc6 9. Be3 Nxd4 10. Bxd4 Bd7 11. Bxf6 Bxf6 12. Qxd6 Bxc3 13. bxc3 Ba4 14. Qb4 b5 15. c4 a5 16. Qa3 Bxc2 17. cxb5 Qb6 18. Rfc1 Rac8 19. Qb2 Ba4 20. Rab1 g6 21. Bf1 Rfd8 22. Rxc8 Rxc8 23. Rc1 Rd8 24. Qf6 Qb8 25. Qe7 Re8 26. Qa3 1-0

[Event "SVK-chT2D 14/15"]
[Site "Slovakia"]
[Date "2015.02.01"]
[Round "7.2"]
[White "Dors, Ryszard"]
[Black "Novotny, Adam"]
[Result "1-0"]
[WhiteElo "2188"]
[BlackElo "1864"]
[PlyCount "51"]
[EventDate "2014.10.11"]
[EventType "team-tourn"]
[EventRounds "11"]
[EventCountry "SVK"]
[SourceTitle "EXT 2019"]
[Source "ChessBase"]
[SourceDate "2018.10.10"]
[SourceVersion "1"]
[SourceVersionDate "2018.10.10"]
[SourceQuality "1"]
[WhiteTeam "Bardejov BSK"]
[BlackTeam "Presov Slavia PU"]
[WhiteTeamCountry "SVK"]
[BlackTeamCountry "SVK"]

1. Nf3 c5 2. g3 Nf6 3. Bg2 Nc6 4. c4 d5 5. cxd5 Nxd5 6. Nc3 g6 7. Nxd5 Qxd5 8. 0-0 Bg7 9. d3 0-0 10. Be3 Bd7 11. Nd4 Qd6 12. Nxc6 Bxc6 13. Bxc6 Qxc6 14. Rc1 Qe6 15. Rxc5 Qxa2 16. Rb5 Qa6 17. Qb3 b6 18. Rb4 Qb7 19. Ra1 Qd7 20. Ra6 Rfb8 21. Qa2 Qc8 22. Rc4 Qd7 23. Bxb6 Rb7 24. b4 Qb5 25. Be3 h5 26. Rxg6 1-0

[Event "SVK-chT1E 1415"]
[Site "Slovakia"]
[Date "2015.01.11"]
[Round "6.3"]
[White "Csala, Jan"]
[Black "Novotny, Adam"]
[Result "1-0"]
[WhiteElo "2123"]
[BlackElo "1864"]
[PlyCount "85"]
[EventDate "2014.10.18"]
[EventType "team-tourn"]
[EventRounds "11"]
[EventCountry "SVK"]
[SourceTitle "EXT 2016"]
[Source "ChessBase"]
[SourceDate "2015.10.08"]
[SourceVersion "1"]
[SourceVersionDate "2015.10.08"]
[SourceQuality "1"]
[WhiteTeam "Kosice Slavia"]
[BlackTeam "Kezmarok"]
[WhiteTeamCountry "SVK"]
[BlackTeamCountry "SVK"]

1. d4 Nf6 2. Nf3 e6 3. g3 d5 4. Bg2 c5 5. c4 Nc6 6. 0-0 Be7 7. dxc5 Bxc5 8. Nc3 0-0 9. Bg5 dxc4 10. Qa4 Be7 11. Qxc4 Qb6 12. Na4 Qb4 13. Qc2 Bd7 14. Nc3 Rfd8 15. a3 Qa5 16. b4 Nd4 17. Nxd4 Qxg5 18. Bxb7 Rab8 19. Bg2 Rbc8 20. Nf3 Qh5 21. Qb3 e5 22. Nd5 Nxd5 23. Qxd5 Bf6 24. Rac1 Bc6 25. Qa5 Qf5 26. Rxc6 Rxc6 27. Nd4 Rxd4 28. Bxc6 h5 29. e3 Rd6 30. b5 e4 31. Qxa7 h4 32. Qa8+ Rd8 33. Qb7 hxg3 34. hxg3 Qe5 35. a4 Bg5 36. Bxe4 Bxe3 37. fxe3 Qxg3+ 38. Bg2 Qxe3+ 39. Rf2 Rd1+ 40. Bf1 Rd4 41. Qxf7+ Kh7 42. Qh5+ Kg8 43. Bc4+ 1-0

[Event "SVK-chT2D 14/15"]
[Site "Slovakia"]
[Date "2014.12.07"]
[Round "6.6"]
[White "Novotny, Adam"]
[Black "Pavlik, Milan"]
[Result "0-1"]
[WhiteElo "1864"]
[BlackElo "2028"]
[PlyCount "106"]
[EventDate "2014.10.11"]
[EventType "team-tourn"]
[EventRounds "11"]
[EventCountry "SVK"]
[SourceTitle "EXT 2019"]
[Source "ChessBase"]
[SourceDate "2018.10.10"]
[SourceVersion "1"]
[SourceVersionDate "2018.10.10"]
[SourceQuality "1"]
[WhiteTeam "Presov Slavia PU"]
[BlackTeam "Sabinov II"]
[WhiteTeamCountry "SVK"]
[BlackTeamCountry "SVK"]

1. c4 Nf6 2. Nc3 b6 3. d3 Bb7 4. e4 e6 5. Bg5 Be7 6. g3 Nxe4 7. dxe4 Bxg5 8. Bg2 0-0 9. Nge2 Nc6 10. 0-0 Be7 11. Qd2 d6 12. Rad1 a6 13. a3 Qe8 14. Rfe1 Ne5 15. b3 Rd8 16. Qa2 c5 17. f4 Ng4 18. Rd3 Qc6 19. h3 Nf6 20. g4 Qc7 21. Qd2 Ne8 22. Ng3 Bc6 23. g5 b5 24. f5 b4 25. axb4 cxb4 26. Nce2 e5 27. h4 Rb8 28. h5 f6 29. g6 h6 30. Kh1 a5 31. Ng1 Qb7 32. Nf3 Bd8 33. Nh2 Bb6 34. Ng4 Bd4 35. Re2 a4 36. Nxh6+ gxh6 37. Qxh6 axb3 38. Rxb3 Qg7 39. Qd2 Bc3 40. Qe3 Ba4 41. Rb1 Bd4 42. Qc1 b3 43. h6 Qc7 44. Bf1 b2 45. h7+ Kh8 46. Qh6 Ng7 47. Rg2 Rb3 48. c5 dxc5 49. Bc4 Rc3 50. Bf7 Rxg3 51. Rxg3 Bc2 52. Rgg1 Bxe4+ 53. Kh2 Bxg1+ 0-1

[Event "SVK-chT2D 14/15"]
[Site "Slovakia"]
[Date "2014.12.06"]
[Round "5.6"]
[White "Koval, Daniel"]
[Black "Novotny, Adam"]
[Result "1-0"]
[WhiteElo "2074"]
[BlackElo "1864"]
[PlyCount "69"]
[EventDate "2014.10.11"]
[EventType "team-tourn"]
[EventRounds "11"]
[EventCountry "SVK"]
[SourceTitle "EXT 2019"]
[Source "ChessBase"]
[SourceDate "2018.10.10"]
[SourceVersion "1"]
[SourceVersionDate "2018.10.10"]
[SourceQuality "1"]
[WhiteTeam "Presov Tatran Dason"]
[BlackTeam "Presov Slavia PU"]
[WhiteTeamCountry "SVK"]
[BlackTeamCountry "SVK"]

1. c4 Nf6 2. Nc3 g6 3. d4 d5 4. cxd5 Nxd5 5. e4 Nxc3 6. bxc3 Bg7 7. Ba3 0-0 8. Nf3 b6 9. Bc4 Bb7 10. 0-0 c5 11. Ng5 Nc6 12. Qf3 e6 13. Qg3 Re8 14. d5 exd5 15. Bxd5 Re7 16. Rad1 Qe8 17. Bc1 Ne5 18. f4 Bxd5 19. Rxd5 Nc6 20. f5 Rxe4 21. fxg6 fxg6 22. Qh3 h5 23. Nxe4 Qxe4 24. Rd6 Ne5 25. Qe6+ Kh7 26. Bd2 Re8 27. Qh3 Ng4 28. Rd7 Qe2 29. Qg3 Qb5 30. Qc7 Rg8 31. h3 Nh6 32. Bxh6 Kxh6 33. Rff7 Qb1+ 34. Kh2 Bxc3 35. Rh7+ 1-0